000 01312cam a2200361 i 4500
001 016788880
003 EG-ScBUE
005 20240930094933.0
008 140718t2015 enka f 001 0 eng d
020 _a9781292062280
020 _a1292062282
040 _aUk
_beng
_erda
_cUk
_dEG-ScBUE
082 0 4 _a515
_bBAR
_222
100 1 _aBarnett, Raymond A.,
_eauthor.
_936747
245 1 0 _aCalculus :
_bfor business, economics, life sciences, and social sciences /
_cRaymond A. Barnett, Merritt College, Michael R. Ziegler, Marquette University, Karl E. Byleen, Marquette University ; global edition contributions by Vimal Kumar, Indian Institute of Technology Kanpur.
250 _aThirteenth edition.
250 _aGlobal edition.
264 1 _aHarlow :
_bPearson Education Limited,
_c[2015]
264 1 _cc2015
300 _a638 pages :
_billustrations ;
_c28 cm
336 _2rdacontent
_atext
_btxt
337 _2rdamedia
_aunmediated
_bn
338 _2rdacarrier
_avolume
_bnc
500 _aIncludes index.
650 7 _aCalculus.
_2BUEsh
651 _2BUEsh
653 _bBUSECO
_cJune2015
_cJuly2015
655 _vReading book
700 1 _aZiegler, Michael R.,
_eauthor.
_936750
700 1 _aByleen, Karl E.,
_eauthor.
_936751
700 1 _aKumar, Vimal,
_econtributor.
942 _2ddc
_cBB
999 _c19819
_d19791